Cost planning of buildings. (Record no. 99547)
[ view plain ]
| 000 -LEADER | |
|---|---|
| fixed length control field | 00586cam a2200241 4500 |
| 008 - FIXED-LENGTH DATA ELEMENTS--GENERAL INFORMATION | |
| fixed length control field | 000000n1999 000 0 eng u |
| 020 ## - INTERNATIONAL STANDARD BOOK NUMBER | |
| International Standard Book Number | 0632042516 |
| 035 ## - SYSTEM CONTROL NUMBER | |
| System control number | (Sirsi) u100007 |
| 041 ## - LANGUAGE CODE | |
| Language code of text/sound track or separate title | ENG |
| 050 ## - LIBRARY OF CONGRESS CALL NUMBER | |
| Classification number | 658.1552 |
| 100 ## - MAIN ENTRY--PERSONAL NAME | |
| Personal name | Ferry, Douglas J |
| 245 ## - TITLE STATEMENT | |
| Title | Cost planning of buildings. |
| 250 ## - EDITION STATEMENT | |
| Edition statement | 7th |
| 260 ## - PUBLICATION, DISTRIBUTION, ETC. | |
| Name of publisher, distributor, etc. | Blackwell Science |
| Date of publication, distribution, etc. | 1999 |
| 300 ## - PHYSICAL DESCRIPTION | |
| Extent | xi,376p. ; 24cm. |
| 350 ## - PRICE (NR) (BK AM CF MU VM SE) [OBSOLETE] | |
| Price | 24.99 |
| 650 ## - SUBJECT ADDED ENTRY--TOPICAL TERM | |
| Topical term or geographic name entry element | BUILDING INDUSTRY |
| 650 ## - SUBJECT ADDED ENTRY--TOPICAL TERM | |
| Topical term or geographic name entry element | COST CONTROL |
| 690 ## - LOCAL SUBJECT ADDED ENTRY--TOPICAL TERM (OCLC, RLIN) | |
| Topical term or geographic name as entry element | BUILT ENVIRONMENT |
| 700 ## - ADDED ENTRY--PERSONAL NAME | |
| Personal name | Brandon, Peter S |
| 700 ## - ADDED ENTRY--PERSONAL NAME | |
| Personal name | Ferry, Jonathan D |
| 942 ## - ADDED ENTRY ELEMENTS (KOHA) | |
| Suppress in OPAC | 0 |
| Withdrawn status | Lost status | Damaged status | Not for loan | Home library | Current library | Shelving location | Date acquired | Total Checkouts | Full call number | Barcode | Date last seen | Date last checked out | Copy number | Price effective from | Koha item type | Source of classification or shelving scheme |
|---|---|---|---|---|---|---|---|---|---|---|---|---|---|---|---|---|
| Missing | London | London | Missing | 13/10/1999 | 55 | 658.1552 | 30065438 | 06/08/2019 | 11/01/2007 | 2 | 06/08/2019 | Book | ||||
| London | London | Books | 02/05/2007 | 30 | 658.1552 | 30073845 | 06/08/2019 | 13/05/2011 | 4 | 06/08/2019 | Book | Dewey Decimal Classification |